Statistics for Cities in Squares on a Map - United Kingdom

Click here to take the quiz!

General Stats

  • This quiz has been taken 352 times
  • The average score is 17 of 23

Answers on the Map

Answers color-coded by a green-red scale on the quiz's map according to % correct below.
 

Answer Stats

City or Town% Correct
London
99%
Manchester
97%
Glasgow
95%
Belfast
94%
Leeds
93%
Birmingham
92%
Edinburgh
92%
Bristol
91%
Newcastle upon Tyne
89%
Aberdeen
87%
Southampton
82%
Swansea
79%
Norwich
78%
Brighton and Hove
75%
Plymouth
75%
Kingston upon Hull
69%
Exeter
62%
Reading
53%
Stoke-on-Trent
47%
Southend
46%
Lancaster
45%
Middlesbrough
42%
Peterborough
40%

Score Distribution

Percentile by Number Answered

Percent of People with Each Score

Your Score History

You have not taken this quiz